Countries in which Nirvana Played Concerts - Statistics

General Stats
  • This quiz has been taken 251 times
  • The average score is 21 of 27
Answer Stats
Country % Correct
United States
100%
France
96%
Germany
94%
United Kingdom
94%
Canada
93%
Spain
92%
Brazil
90%
Mexico
90%
Italy
88%
Japan
88%
Portugal
85%
Argentina
82%
Australia
80%
Sweden
80%
Norway
79%
Finland
77%
Ireland
76%
Belgium
73%
Denmark
73%
Netherlands
73%
Austria
71%
Switzerland
70%
New Zealand
66%
Chile
65%
Colombia
62%
Hungary
44%
Slovenia
31%
No matching quizzes found
Score Distribution
Percent of People with Each Score
Percentile by Number Answered
Your Score History
You have not taken this quiz